UM Logo

Music preferenceand academic performance of education students of the University of Mindanao Digos College/ (Record no. 3209)

MARC details
000 -LEADER
fixed length control field 00647nam a22001697a 4500
008 - FIXED-LENGTH DATA ELEMENTS--GENERAL INFORMATION
fixed length control field 160629b xxu||||| |||| 00| 0 eng d
082 ## - DEWEY DECIMAL CLASSIFICATION NUMBER
Edition number 2008
Classification number UT 0165
Item number D34
100 ## - MAIN ENTRY--PERSONAL NAME
9 (RLIN) 10730
Personal name Dele Cruz, Filipinas G.
245 ## - TITLE STATEMENT
Title Music preferenceand academic performance of education students of the University of Mindanao Digos College/
Statement of responsibility, etc. Filipinas G. Dela Cruz [and three others].
260 ## - PUBLICATION, DISTRIBUTION, ETC. (IMPRINT)
Place of publication, distribution, etc. Digos City:
Name of publisher, distributor, etc. UMDC
Date of publication, distribution, etc. October 2008.
300 ## - PHYSICAL DESCRIPTION
Extent 48 pages;
Dimensions 28 cm.
650 #0 - SUBJECT ADDED ENTRY--TOPICAL TERM
9 (RLIN) 10729
Topical term or geographic name as entry element Education
Form subdivision MAPEH
General subdivision Undergraduate thesis.
700 ## - ADDED ENTRY--PERSONAL NAME
9 (RLIN) 10726
Personal name Albios, Cheenee A.
700 ## - ADDED ENTRY--PERSONAL NAME
9 (RLIN) 10727
Personal name Piyaw, Kamille T.
700 ## - ADDED ENTRY--PERSONAL NAME
9 (RLIN) 10728
Personal name Santos, Jig C.
942 ## - ADDED ENTRY ELEMENTS (KOHA)
Source of classification or shelving scheme Dewey Decimal Classification
Koha item type Undergraduate Thesis
Holdings
Withdrawn status Lost status Source of classification or shelving scheme Damaged status Not for loan Collection code Home library Current library Date acquired Total Checkouts Full call number Barcode Date last seen Price effective from Koha item type
    Dewey Decimal Classification     Undergraduate Theses UM Digos College - LIC UM Digos College - LIC 06/29/2016   UT 0165 D34 2008 UT0165 06/29/2016 06/29/2016 Undergraduate Thesis